Príprava podkladových informácií pre projektovanie skladu finálnych výrobkov

Postavenie skladovania v distribúcii. Porovnanie centralizovaného a decentralizovaného spôsobu skladovania. Význam prípravnej a analytickej časti projektovania skladového hospodárstva. Analýza skladovaného sortimentu a prognóza jeho vývoja. Určenie programu skladovania.

Saved in:
Bibliographic Details
Main Author: Krajčovič, Martin
Format: Book Chapter
Language:Slovak
Subjects:
Tags: Add Tag
No Tags, Be the first to tag this record!

MARC

LEADER 00000naa$a2200000$$$4500
001 0034801
005 20231018133159.3
041 0 |a slo 
044 |a SK 
245 1 0 |a Príprava podkladových informácií pre projektovanie skladu finálnych výrobkov  |c Martin Krajčovič 
520 |a Postavenie skladovania v distribúcii. Porovnanie centralizovaného a decentralizovaného spôsobu skladovania. Význam prípravnej a analytickej časti projektovania skladového hospodárstva. Analýza skladovaného sortimentu a prognóza jeho vývoja. Určenie programu skladovania. 
610 2 0 |a sklady 
610 2 0 |a skladovanie 
610 2 0 |a projektovanie 
610 2 0 |a sklady centrálne 
610 2 0 |a sortiment tovaru 
610 2 0 |a analýzy 
610 2 0 |a výrobky 
100 1 |a Krajčovič, Martin